Call of Duty: Infinite Warfare Weapons - Statistics

General Stats
  • This quiz has been taken 377 times
  • The average score is 18 of 35
Answer Stats
Weapon Class Weapon % Correct
Assault Rifle NV4
86%
Sub Machine Gun Erad
67%
Assault Rifle Volk
65%
Assault Rifle KBAR-32
63%
Classic M1
59%
Assault Rifle R3K
59%
Light Machine Gun Titan
59%
Light Machine Gun Mauler
58%
Classic OSA
57%
Assault Rifle Type 2
57%
Classic MacTav-45
55%
Sniper Rifle KBS Longbow
54%
Classic TF-141
54%
Sniper Rifle Widowmaker
53%
Light Machine Gun R.A.W
51%
Melee Combat Knife
50%
Sub Machine Gun HVR
50%
Shotgun Banshee
49%
Pistol Kendall 44
49%
Pistol Oni
49%
Shotgun Reaver
48%
Pistol Hailstorm
46%
Classic Hornet
46%
Sub Machine Gun Karma-45
46%
Classic S-Ravage
46%
Pistol EMC
45%
Sub Machine Gun RPR Evo
44%
Sniper Rifle DMR-1
41%
Sniper Rifle EBR-800
41%
Shotgun Rack-9
41%
Sub Machine Gun FHR-40
38%
Launcher P-LAW
38%
Shotgun DCM-8
32%
Launcher Howitzer
32%
Launcher Spartan SA3
27%
No matching quizzes found
Score Distribution
Percent of People with Each Score
Percentile by Number Answered
Your Score History
You have not taken this quiz